[Event "FS IM A"]
[Site "Budapest"]
[Date "1995.10.08"]
[Round "2"]
[White "Habibi, A"]
[Black "Estrada Nieto, J"]
[Result "0-1"]
[WhiteElo "2295"]
[BlackElo "2295"]

1. Nf3 d5 2. b3 Nf6 3. Bb2 e6 4. c4 Be7 5. e3 O-O 6. Be2 c5 7. O-O Nc6 8.
d3 d4 9. exd4 cxd4 10. Na3 e5 11. Nc2 a5 12. Re1 Bf5 13. Bf1 Nd7 14. h3 Re8
15. Rb1 Bf8 16. a3 a4 17. b4 b5 18. cxb5 Na7 19. Ncxd4 exd4 20. Rxe8 Qxe8
21. Nxd4 Bg6 22. Qxa4 Nb6 23. Qa6 Qb8 24. Rc1 Nac8 25. Nc6 Qf4 26. Rc2 Rxa6
27. bxa6 Bd6 28. g3 Qf3 29. a7 h5 30. Nd4 Qb7 31. Nb5 Bf8 32. Rc7 Qa6 33.
d4 Qa4 34. d5 Nxa7 35. Rxa7 Qd1 36. Rc7 Nxd5 37. Rc8 Be4 38. Nd6 Bd3 39.
Rc1 Qd2 40. Bxd3 Qxd3 41. Nc4 Qf3 42. h4 Be7 43. Bd4 Bxh4 44. Ne5 Qe4 45.
Nc6 Bg5 46. Rc5 h4 47. gxh4 Bxh4 0-1

[Event "FS IM A"]
[Site "Budapest"]
[Date "1995.10.08"]
[Round "2"]
[White "Weteschnik, M"]
[Black "Labin, S"]
[Result "0-1"]
[WhiteElo "2100"]
[BlackElo "2210"]

1. e4 Nc6 2. d4 d5 3. e5 Bf5 4. c3 e6 5. Nd2 f6 6. f4 fxe5 7. fxe5 Nh6 8.
Ndf3 Nf7 9. Ne2 h6 10. Ng3 g6 11. Ng1 Qd7 12. N1e2 g5 13. Nh5 O-O-O 14.
Neg3 Be7 15. Nxf5 exf5 16. Bd3 Kb8 17. Ng7 Nfxe5 18. dxe5 Bc5 19. Nxf5 Rde8
20. Kd2 d4 21. Kc2 dxc3 22. bxc3 Rxe5 23. Qf3 Na5 24. Rb1 Qa4+ 25. Kb2 Qa3+
26. Kc2 Qa4+ 27. Kb2 Qa3+ 28. Kc2 Qxa2+ 29. Rb2 Qa1 30. Bc4 Qa4+ 31. Bb3
Nxb3 32. Rxb3 b6 33. Nd4 Rf8 34. Qc6 Rf2+ 35. Kd3 Qa2 36. Rd1 Bxd4 37. Kxd4
Qxb3 38. Kxe5 Qxd1 39. Qe8+ Kb7 40. Be3 Re2 0-1

[Event "FS IM A"]
[Site "Budapest"]
[Date "1995.10.09"]
[Round "3"]
[White "Eperjesi, L"]
[Black "Habibi, A"]
[Result "1-0"]
[WhiteElo "2280"]
[BlackElo "2295"]

1. d4 Nf6 2. Nf3 g6 3. c3 Bg7 4. Bg5 O-O 5. Nbd2 d5 6. e3 Nbd7 7. Be2 Qe8
8. O-O c6 9. c4 e6 10. Qc2 Kh8 11. b4 e5 12. h3 Ne4 13. Nxe4 dxe4 14. Qxe4
exd4 15. Qh4 f6 16. Bh6 dxe3 17. fxe3 Qe7 18. b5 c5 19. Bd3 Kg8 20. Bf4 Re8
21. Rae1 b6 22. Qg3 Bb7 23. e4 Rad8 24. Bc7 Rc8 25. Bd6 Qe6 26. h4 Kh8 27.
a4 Rcd8 28. Bc7 Ra8 29. e5 Bxf3 30. Qxf3 fxe5 31. a5 Rf8 32. Qc6 Rae8 33.
axb6 axb6 34. Rxf8+ Bxf8 35. Qxe6 Rxe6 36. Be4 Bd6 37. Bd8 Bf8 38. Bc6 Nf6
39. Bxb6 e4 40. Bc7 Bd6 41. Bd5 Bxc7 42. Bxe6 Bg3 43. Re2 Kg7 44. Bd5 Bxh4
45. Bxe4 Nd7 46. Bd5 Kf8 47. Re6 Bg3 48. b6 g5 49. Rh6 Kg7 50. Rc6 Kf8 51.
Be6 Nb8 52. Rxc5 Ke7 53. Bg4 Bf4 54. Rc7+ Kd6 55. c5+ Kd5 56. Bf3+ Kc4 57.
Be2+ Kd5 58. Kf2 Be5 59. Ke3 1-0

[Event "FS IM A"]
[Site "Budapest"]
[Date "1995.10.09"]
[Round "3"]
[White "Reissman, W"]
[Black "Weteschnik, M"]
[Result "0-1"]
[WhiteElo "2265"]
[BlackElo "2100"]

1. e4 e5 2. d4 exd4 3. Qxd4 Nc6 4. Qe3 Bb4+ 5. c3 Ba5 6. Nd2 Nf6 7. Bd3 O-O
8. Nc4 Bb6 9. Nxb6 axb6 10. Ne2 d5 11. e5 Ng4 12. Qg3 Ncxe5 13. Bc2 Ng6 14.
O-O c6 15. Nd4 Re8 16. a3 Bd7 17. Nf5 Bxf5 18. Bxf5 N4e5 19. Bg5 Qd6 20.
Rab1 Nc4 21. Qg4 h6 22. Bc1 Qf6 23. Qh3 Nd6 24. Bd3 Qh4 25. Qd7 Rad8 26.
Qc7 Ne5 27. Be2 Qe4 28. Be3 b5 29. Rfe1 Qh4 30. Bd4 Rd7 31. Qb6 Rde7 32.
Rf1 Nec4 33. Bxc4 Nxc4 34. Qc5 Nd2 35. Be3 Nxb1 36. Rxb1 Qc4 37. Qd6 Qd3
38. Rf1 Qc2 39. Qg3 Qg6 40. Qh3 f5 41. Qf3 Re4 42. h3 Qf7 43. Qd1 f4 44.
Bd4 Qc7 0-1

[Event "FS IM A"]
[Site "Budapest"]
[Date "1995.10.09"]
[Round "3"]
[White "Labin, S"]
[Black "Honfi, K"]
[Result "0-1"]
[WhiteElo "2210"]
[BlackElo "2390"]

1. d4 d5 2. c4 e5 3. dxe5 d4 4. Nf3 Nc6 5. Nbd2 Bb4 6. a3 Bxd2+ 7. Qxd2 Bg4
8. Qg5 Qxg5 9. Nxg5 Nxe5 10. h3 Bd7 11. Nf3 Nxf3+ 12. exf3 O-O-O 13. Bd3
Re8+ 14. Kd2 Ne7 15. b4 Bf5 16. g4 Bxd3 17. Kxd3 Nc6 18. Bf4 f6 19. Rae1
Ne5+ 20. Bxe5 fxe5 21. h4 Rhf8 22. Rh3 Kd7 23. c5 Ke6 24. Re4 Kd5 25. f4
Rxf4 26. Rxf4 exf4 27. Rf3 Rf8 28. h5 Rf6 29. g5 Rf5 30. g6 h6 31. a4 a5
32. bxa5 c6 33. Rh3 Kxc5 34. Ke4 Rd5 35. Rb3 d3 36. Rxd3 Rxd3 37. Kxd3 Kb4
38. Ke4 c5 39. Ke5 c4 40. Ke6 c3 41. Kf7 c2 42. Kxg7 c1=Q 43. Kh7 Qc2 44.
Kh8 Qxf2 45. g7 Qg3 46. a6 bxa6 0-1

[Event "FS IM A"]
[Site "Budapest"]
[Date "1995.10.10"]
[Round "4"]
[White "Estrada Nieto, J"]
[Black "Eperjesi, L"]
[Result "1/2-1/2"]
[WhiteElo "2295"]
[BlackElo "2280"]

1. e4 c6 2. d4 d5 3. Nd2 dxe4 4. Nxe4 Nd7 5. Nf3 Ngf6 6. Nxf6+ Nxf6 7. Ne5
Be6 8. Be2 g6 9. O-O Bg7 10. c3 O-O 11. Bd3 Nd7 12. f4 Nxe5 13. fxe5 c5 14.
Be4 cxd4 15. cxd4 Bd5 16. Qf3 Bxe4 17. Qxe4 Qb6 18. Rf2 f5 19. exf6 exf6
20. Qd5+ Kh8 21. Qc5 Qxc5 22. dxc5 f5 23. Re2 Rfe8 24. Kf2 Rad8 25. Bg5
Rxe2+ 26. Kxe2 Be5 27. Rd1 Re8 28. Kf2 Kg8 29. Rd7 b5 30. a3 a5 31. Rb7 b4
32. Rb5 1/2-1/2

[Event "FS IM A"]
[Site "Budapest"]
[Date "1995.10.10"]
[Round "4"]
[White "Honfi, K"]
[Black "Reissman, W"]
[Result "1/2-1/2"]
[WhiteElo "2390"]
[BlackElo "2265"]

1. e4 e5 2. Nc3 Nf6 3. f4 d5 4. fxe5 Nxe4 5. Nf3 Nc6 6. Bb5 Be7 7. O-O O-O
8. Qe1 Nb4 9. Qd1 Bg4 10. a3 Nc6 11. Bxc6 bxc6 12. Qe1 Nxc3 13. dxc3 f6 14.
exf6 Rxf6 15. Ne5 Bc5+ 16. Be3 Rxf1+ 17. Kxf1 Qf8+ 18. Kg1 Bf5 19. Bd4 Re8
20. Qf2 Bxd4 21. cxd4 Re6 22. Rf1 Rf6 23. Qe2 c5 24. Qb5 cxd4 25. Qxd5+ Be6
26. Rxf6 Bxd5 27. Rxf8+ Kxf8 28. Kf2 Ke7 29. Nf3 c5 30. Nd2 Ba8 31. c3 a5
32. cxd4 Bc6 33. b4 axb4 34. axb4 Be8 35. Nb1 Ba4 36. Ke2 Bb3 1/2-1/2

[Event "FS IM A"]
[Site "Budapest"]
[Date "1995.10.10"]
[Round "4"]
[White "Kahn, E"]
[Black "Labin, S"]
[Result "1-0"]
[WhiteElo "2350"]
[BlackElo "2210"]

1. d4 Nc6 2. Nf3 d5 3. g3 Bg4 4. Bg2 Qd7 5. Ne5 Nxe5 6. dxe5 O-O-O 7. Qd4
Kb8 8. Be3 b6 9. a4 Bh3 10. Bf3 c5 11. Qd2 e6 12. a5 b5 13. a6 d4 14. Bf4
h6 15. Ra5 g5 16. Qd3 c4 17. Qe4 Qd5 18. Qxd5 exd5 19. Rxb5+ Kc8 20. Bd2
Be6 21. Ba5 Rd7 22. c3 g4 23. Bg2 Ne7 24. cxd4 Nc6 25. Bc3 Nb8 26. Ra5 Nc6
27. Ra4 Bf5 28. e4 Be6 29. exd5 Bxd5 30. Bxd5 Rxd5 31. Rxc4 Kd7 32. Nd2 Be7
33. Ke2 Rb8 34. h3 h5 35. hxg4 hxg4 36. Rh7 Nd8 37. Rg7 Rb6 38. Rxg4 Rxa6
39. f4 Rh6 40. f5 Rh2+ 41. Kd3 Nc6 42. Ke4 Rb5 43. d5 Na5 44. Ra4 Nb7 45.
Rxa7 Bc5 46. e6+ Kc7 47. Ra6 Bd6 48. Rc6+ Kb8 49. Rg8+ Ka7 50. Bd4+ Bc5 51.
Bxc5+ Nxc5+ 52. Rxc5 Rxc5 53. exf7 1-0

[Event "FS IM A"]
[Site "Budapest"]
[Date "1995.10.10"]
[Round "4"]
[White "Habibi, A"]
[Black "Zimmerman, Y"]
[Result "0-1"]
[WhiteElo "2295"]
[BlackElo "2375"]

1. Nf3 g6 2. d4 Bg7 3. Bf4 Nf6 4. h3 O-O 5. Nbd2 d5 6. e3 b6 7. Bd3 Bb7 8.
c3 c5 9. Qe2 Nc6 10. a3 Nd7 11. Bg5 Qc8 12. Bb5 e5 13. dxe5 Ndxe5 14. Bf4
a6 15. Ba4 b5 16. Bb3 c4 17. Bc2 Re8 18. O-O Nxf3+ 19. Nxf3 d4 20. cxd4
Nxd4 21. Nxd4 Bxd4 22. Rfb1 Qc6 23. Qf1 Qf6 24. Qc1 Bb6 25. Qf1 Rad8 26.
Qe1 Qc6 27. e4 Qf6 28. Bg3 Qg5 29. Kh2 Qd2 30. Rc1 Qxe1 31. Rxe1 Rd2 32.
Rac1 Bxf2 33. Red1 Bxg3+ 34. Kxg3 Rxd1 35. Rxd1 Bxe4 36. Bxe4 Rxe4 37. Kf3
Re6 38. Rd2 Kf8 39. Rd7 Re1 40. Rd2 Ke7 41. Kf2 Re6 42. Kf3 Rd6 43. Re2+
Kd7 44. Kf4 f6 45. Rf2 a5 46. Ke4 Kc6 47. h4 Kc5 48. h5 Re6+ 49. Kf4 Re5
50. hxg6 hxg6 51. Kg4 Rg5+ 52. Kh3 Rf5 53. Re2 b4 54. axb4+ axb4 55. g4
Rf3+ 56. Kh4 c3 57. bxc3 bxc3 58. Re8 g5+ 59. Kh5 Kc4 60. Rc8+ Kd4 61. Rd8+
Ke3 62. Rd6 c2 63. Rc6 Kd2 64. Rd6+ Rd3 65. Rxf6 c1=Q 66. Kxg5 Ke2+ 67. Kg6
Rg3 0-1

[Event "FS IM A"]
[Site "Budapest"]
[Date "1995.10.10"]
[Round "4"]
[White "Weteschnik, M"]
[Black "Kecskes, G"]
[Result "0-1"]
[WhiteElo "2100"]
[BlackElo "2280"]

1. e4 e6 2. d4 d5 3. Nc3 Bb4 4. e5 c5 5. Bd2 Ne7 6. a3 Bxc3 7. Bxc3 cxd4 8.
Qxd4 Nbc6 9. Qg4 Nf5 10. Nf3 h5 11. Qf4 Qb6 12. Bd3 d4 13. Bd2 Bd7 14.
O-O-O Rc8 15. h3 h4 16. g4 hxg3 17. fxg3 Nce7 18. Ng5 Ng6 19. Qf2 Ba4 20.
Bf4 O-O 21. Rh2 f6 22. exf6 Rxf6 23. Nf3 Ne3 24. Bxe3 dxe3 25. Qe2 Qc5 26.
Re1 Qd5 27. Qxe3 Rxf3 28. Qxe6+ Qxe6 29. Rxe6 Rxg3 30. b3 Nf4 31. Bf5 Bd7
32. Re8+ Bxe8 33. Bxc8 Bg6 34. Bxb7 Rxh3 35. Rf2 Rh4 36. Kb2 Bf7 37. Rg2 g5
38. Rg1 Rh5 39. Rf1 Be6 40. Re1 Kf7 41. Re5 Kf6 42. Ra5 Rh2 43. Ra6 0-1

[Event "FS IM A"]
[Site "Budapest"]
[Date "1995.10.11"]
[Round "5"]
[White "Reissman, W"]
[Black "Kahn, E"]
[Result "1/2-1/2"]
[WhiteElo "2265"]
[BlackElo "2350"]

1. d4 Nf6 2. Nf3 g6 3. c3 Bg7 4. Bf4 O-O 5. e3 d6 6. Be2 Nbd7 7. O-O b6 8.
a4 a6 9. h3 Bb7 10. Nbd2 Qe8 11. Bh2 e5 12. Nc4 e4 13. Ne1 Nd5 14. Qb3 Kh8
15. Na5 Qc8 16. Nxb7 Qxb7 17. Bc4 Ne7 18. Bxf7 d5 19. Be6 Nf6 20. c4 Qc6
21. cxd5 Nexd5 22. Bxd5 Nxd5 23. Nc2 Rf5 24. Rac1 Qd7 25. Nb4 c5 26. Nxd5
Rxd5 27. Qxb6 cxd4 28. Rc7 Qd8 29. exd4 Bxd4 30. Qb7 Ra7 31. Qc8 Rxc7 32.
Qxd8+ Rxd8 33. Bxc7 Rd7 34. Bf4 Bxb2 35. Rb1 Bd4 36. Rb8+ Kg7 37. Re8 Kf6
38. g4 g5 39. Bg3 Re7 40. Rf8+ Ke6 41. Ra8 Ra7 42. Rd8 Rd7 43. Ra8 1/2-1/2

[Event "FS IM A"]
[Site "Budapest"]
[Date "1995.10.11"]
[Round "5"]
[White "Kecskes, G"]
[Black "Honfi, K"]
[Result "0-1"]
[WhiteElo "2280"]
[BlackElo "2390"]

1. d4 d5 2. c4 e5 3. dxe5 d4 4. Nf3 Nc6 5. g3 Bb4+ 6. Nbd2 Bf5 7. Bg2 d3 8.
e3 Nge7 9. O-O Ng6 10. Nb3 Be4 11. Nbd4 O-O 12. a3 Be7 13. b4 Nxd4 14. Nxd4
Bxg2 15. Kxg2 Nxe5 16. f4 Nxc4 17. Qxd3 b5 18. Rd1 Bf6 19. Ra2 Bxd4 20.
Qxd4 Qe7 0-1

[Event "FS IM A"]
[Site "Budapest"]
[Date "1995.10.11"]
[Round "5"]
[White "Labin, S"]
[Black "Habibi, A"]
[Result "0-1"]
[WhiteElo "2210"]
[BlackElo "2295"]

1. d4 Nf6 2. c4 g6 3. Nc3 d6 4. e4 Bg7 5. f4 O-O 6. Nf3 c5 7. dxc5 Qa5 8.
Bd3 Qxc5 9. Qe2 Nc6 10. Be3 Qh5 11. h3 a6 12. O-O Qa5 13. Rac1 Nd7 14. Rfd1
Re8 15. Bb1 Rb8 16. Rd5 Qc7 17. a3 Na5 18. Ba2 b6 19. b4 Nb7 20. Qf2 Nd8
21. Rdd1 Qb7 22. Nd4 Nf6 23. e5 dxe5 24. fxe5 Ne4 25. Nxe4 Qxe4 26. Nf3 Qb7
27. c5 bxc5 28. Rxc5 Be6 29. Ng5 Bxa2 30. Qxa2 Rf8 31. Rdc1 h6 32. Rc7 Qb5
33. Nf3 Qd3 34. Ba7 Ra8 35. R7c3 Qd7 36. Bf2 Ne6 37. Rc6 Nf4 38. Qc4 g5 39.
Rxa6 Rac8 40. Rc6 Ne2+ 41. Qxe2 Rxc6 42. Bc5 g4 43. hxg4 Qxg4 44. Rc4 Qc8
45. Nd4 Rc7 46. Rc2 Qd7 47. Nb5 Rb7 48. Nc3 Qf5 49. Nd5 Re8 50. Ra2 Bxe5
51. Ne3 Qb1+ 52. Kf2 Bg7 53. Qc2 Qh1 54. Qe4 Rd7 55. a4 Red8 56. Nf1 Rd1
57. Ng3 Qg1+ 58. Kf3 R1d3+ 59. Kg4 Qb1 60. Re2 0-1

[Event "FS IM A"]
[Site "Budapest"]
[Date "1995.10.12"]
[Round "6"]
[White "Eperjesi, L"]
[Black "Zimmerman, Y"]
[Result "1/2-1/2"]
[WhiteElo "2280"]
[BlackElo "2375"]

1. d4 Nf6 2. c4 g6 3. Nc3 Bg7 4. e4 d6 5. f3 O-O 6. Be3 Nc6 7. Nge2 a6 8.
a3 Bd7 9. b4 b5 10. Nc1 bxc4 11. Bxc4 e5 12. Nb3 exd4 13. Nxd4 1/2-1/2

[Event "FS IM A"]
[Site "Budapest"]
[Date "1995.10.12"]
[Round "6"]
[White "Estrada Nieto, J"]
[Black "Labin, S"]
[Result "1-0"]
[WhiteElo "2295"]
[BlackElo "2210"]

1. e4 Nc6 2. Nf3 Nf6 3. e5 Ng4 4. d4 d6 5. Nc3 a6 6. Bf4 e6 7. Bd3 Nh6 8.
O-O Nb4 9. Be2 Nf5 10. Re1 Be7 11. a3 Nd5 12. Nxd5 exd5 13. Bd3 O-O 14. c3
g6 15. Qd2 Re8 16. Re2 Ng7 17. h3 Bf5 18. Rae1 Qd7 19. exd6 cxd6 20. Bxf5
Nxf5 21. Qc2 Bf8 22. Qb3 Rxe2 23. Rxe2 Qb5 24. Qxb5 axb5 25. Ne1 h6 26. g4
Ne7 27. Bxd6 Nc6 28. Bxf8 Kxf8 29. Nd3 b6 30. Ne5 Nb8 31. Kf1 g5 32. Nd3
Nc6 33. Ne5 Nb8 34. Nd3 Nc6 35. f4 gxf4 36. Nxf4 Ne7 37. Re5 b4 38. axb4
Ra1+ 39. Kf2 Rb1 40. Re2 Ra1 41. Kg3 f5 42. gxf5 Kf7 43. Re5 Rg1+ 44. Kf2
Rb1 45. Re2 Nxf5 46. Nxd5 Rh1 47. Kg2 Ra1 48. Nxb6 Ra6 49. Nc4 Rg6+ 50. Kh2
Rg8 51. Ne5+ Kf6 52. Nd7+ Kf7 53. Rf2 Ke6 54. d5+ Kxd7 55. Rxf5 Re8 56. Kg2
Re2+ 57. Rf2 Re5 58. Rd2 Re4 59. Kf3 Rh4 60. Kg3 Re4 61. Rd3 h5 62. b3 h4+
63. Kf3 Re5 64. c4 Rg5 65. Kf4 Rg1 66. Ke4 Re1+ 1-0

[Event "FS IM A"]
[Site "Budapest"]
[Date "1995.10.12"]
[Round "6"]
[White "Honfi, K"]
[Black "Mikhailov, V"]
[Result "0-1"]
[WhiteElo "2390"]
[BlackElo "2355"]

1. e4 c5 2. b3 Nc6 3. Bb2 Nf6 4. e5 Nd5 5. Nf3 e6 6. Bb5 Be7 7. Bxc6 bxc6
8. O-O f6 9. Na3 O-O 10. Nc4 fxe5 11. Nfxe5 Qc7 12. Qg4 Bf6 13. Rae1 d6 14.
Nd3 e5 15. Qd1 Bf5 16. Nc1 Rae8 17. Ne2 Bg6 18. d3 Re7 19. Qd2 Ref7 20. Ng3
Bh4 21. Bc1 Nf4 22. Qd1 Qd7 23. Be3 Be7 24. f3 Ne6 25. Kh1 Nd4 26. c3 Ne6
27. d4 cxd4 28. cxd4 exd4 29. Bxd4 Nf4 30. Ne4 Nd5 31. Qd2 h6 32. Bf2 Bxe4
33. Rxe4 Bg5 34. Qd3 Bf4 35. Rfe1 Qf5 36. Qd4 c5 37. Qb2 Qh5 38. Bg1 Nb4
39. Qe2 d5 40. Rxf4 Rxf4 41. Nd6 d4 42. Qe6+ Kh7 43. Re5 R8f6 44. Qxf6 Rxf6
45. Rxh5 Rxd6 46. Rxc5 d3 47. Rc1 d2 48. Rd1 Rd3 49. h3 Nxa2 50. Be3 Rxe3
51. Rxd2 Nb4 0-1

[Event "FS IM A"]
[Site "Budapest"]
[Date "1995.10.13"]
[Round "7"]
[White "Reissman, W"]
[Black "Estrada Nieto, J"]
[Result "1/2-1/2"]
[WhiteElo "2265"]
[BlackElo "2295"]

1. Nf3 d5 2. d4 Nf6 3. e3 e6 4. Nbd2 c5 5. c3 Nc6 6. Bd3 Bd6 7. O-O O-O 8.
dxc5 Bxc5 9. e4 Qc7 10. Qe2 Ng4 11. Bc2 d4 12. Nb3 dxc3 13. h3 Nd4 14.
Nbxd4 Bxd4 15. b3 Bxf2+ 16. Rxf2 Nxf2 17. Qxf2 e5 18. Be3 b6 19. Qg3 f6 20.
Bd3 Qe7 21. Rc1 Be6 22. Rxc3 Rac8 23. Qe1 Rxc3 24. Qxc3 Rc8 25. Bc4 Kh8 26.
a4 Bxc4 27. bxc4 Qd7 28. a5 Qd1+ 29. Kh2 Qe2 30. axb6 axb6 31. Bxb6 Qxc4
32. Qxc4 Rxc4 33. Nd2 Rc2 34. Ba5 g6 35. Kg3 Ra2 36. Bb4 Rb2 37. Bc3 Rc2
38. Bb4 Kg7 39. Kf3 f5 40. Ke3 Kf6 41. Ba5 Ra2 42. Bb4 Ke6 43. g3 Rb2 44.
Bc3 Rc2 45. Ba5 Ra2 46. Bb4 Ra4 47. Bf8 h5 48. h4 fxe4 49. Nxe4 Kf5 50.
Nd6+ Kg4 51. Ne4 Kf5 52. Nd6+ Kg4 53. Ne4 Ra1 54. Bb4 Rf1 55. Bd2 Rf3+ 56.
Ke2 Ra3 57. Be1 Kf5 58. Nd6+ Ke6 59. Ne4 Kd5 60. Nf6+ Ke6 61. Ne4 Kf5 62.
Nd6+ Kg4 63. Ne4 Ra2+ 64. Ke3 Ra1 65. Ke2 Rxe1+ 66. Kxe1 Kf3 67. Nc5 Kxg3
68. Nd3 Kxh4 69. Nxe5 g5 70. Nf3+ Kg4 71. Kf2 Kf4 72. Nxg5 Kxg5 73. Kg2
1/2-1/2

[Event "FS IM A"]
[Site "Budapest"]
[Date "1995.10.13"]
[Round "7"]
[White "Labin, S"]
[Black "Eperjesi, L"]
[Result "0-1"]
[WhiteElo "2210"]
[BlackElo "2280"]

1. d4 Nf6 2. c4 e6 3. Nc3 Bb4 4. e3 O-O 5. Nge2 d5 6. cxd5 exd5 7. a3 Bd6
8. g3 c6 9. Bg2 Re8 10. O-O Na6 11. b4 Nc7 12. Rb1 Bf5 13. Rb3 Qd7 14. Na4
b6 15. Nac3 Bh3 16. a4 Bxg2 17. Kxg2 Ne6 18. Nf4 Ng5 19. f3 h5 20. Nce2
Rac8 21. h4 Ne6 22. Nd3 Nf8 23. Rc3 Ng6 24. Bd2 Ne7 25. Qb3 Nf5 26. Ndf4
Bb8 27. Rfc1 Nd6 28. Be1 a6 29. Bf2 b5 30. Nd3 Nc4 31. Nc5 Qf5 32. Qc2 Qxc2
33. R1xc2 a5 34. axb5 axb4 35. Rxc4 dxc4 36. Rxc4 Nd5 37. bxc6 Rxe3 38. Nf4
Bxf4 39. Ne4 b3 40. gxf4 b2 41. Nd2 Re2 0-1

[Event "FS IM A"]
[Site "Budapest"]
[Date "1995.10.13"]
[Round "7"]
[White "Weteschnik, M"]
[Black "Honfi, K"]
[Result "0-1"]
[WhiteElo "2100"]
[BlackElo "2390"]

1. e4 c5 2. Nf3 Nc6 3. d4 cxd4 4. Nxd4 g6 5. Be3 Nf6 6. Nc3 Bg7 7. Nxc6
bxc6 8. e5 Ng8 9. f4 Nh6 10. Qd2 f6 11. exf6 exf6 12. O-O-O d5 13. Bc5 Kf7
14. Ne4 Bf8 15. Qc3 Bg4 16. Rd2 Bxc5 17. Qxc5 Qe7 18. Qxe7+ Kxe7 19. Nc5
Rhe8 20. Ba6 Kd6 21. Nb3 Re4 22. h3 Bc8 23. Bxc8 Rxc8 24. Rf1 Nf5 25. g4
Ng3 26. Rff2 Rce8 27. Nd4 Re3 28. f5 Ne4 29. fxg6 Re1+ 0-1

[Event "FS IM A"]
[Site "Budapest"]
[Date "1995.10.14"]
[Round "8"]
[White "Zimmerman, Y"]
[Black "Labin, S"]
[Result "1-0"]
[WhiteElo "2375"]
[BlackElo "2210"]

1. d4 c5 2. d5 f5 3. g3 d6 4. Bg2 Nf6 5. Nc3 g6 6. Nh3 Na6 7. Nf4 Nc7 8. e4
Bg7 9. h4 Rb8 10. h5 O-O 11. hxg6 h6 12. Nh5 Nxh5 13. Qxh5 e5 14. Bxh6 Qf6
15. Bg5 1-0

[Event "FS IM A"]
[Site "Budapest"]
[Date "1995.10.14"]
[Round "8"]
[White "Estrada Nieto, J"]
[Black "Kecskes, G"]
[Result "1-0"]
[WhiteElo "2295"]
[BlackElo "2280"]

1. e4 e6 2. d4 d5 3. exd5 exd5 4. c4 Nf6 5. Nc3 c6 6. Nf3 Be7 7. cxd5 Nxd5
8. Bd3 Bg4 9. O-O O-O 10. h3 Bh5 11. Re1 Nd7 12. Nxd5 cxd5 13. Bf4 Nf6 14.
g4 Bg6 15. Bxg6 hxg6 16. Qb3 Bd6 17. Be5 Re8 18. Rad1 b6 19. Kg2 Be7 20.
Rc1 Ne4 21. Bc7 Qd7 22. Ne5 Qe6 23. Rc6 Nd6 24. Bxd6 Bxd6 25. Nf3 Qf6 26.
Rxe8+ Rxe8 27. Qxd5 Re6 28. Ng5 Re2 29. Rc8+ Bf8 30. Rxf8+ 1-0

[Event "FS IM A"]
[Site "Budapest"]
[Date "1995.10.14"]
[Round "8"]
[White "Habibi, A"]
[Black "Mikhailov, V"]
[Result "1-0"]
[WhiteElo "2295"]
[BlackElo "2355"]

1. Nf3 Nf6 2. b3 e6 3. c4 b6 4. Bb2 Bb7 5. e3 Be7 6. Be2 O-O 7. O-O c5 8.
Qc2 d5 9. d3 Nc6 10. h3 Rc8 11. Nbd2 Qc7 12. Rac1 Qb8 13. Qb1 a6 14. Qa1
dxc4 15. bxc4 Rfd8 16. Rb1 b5 17. Ne4 Nxe4 18. dxe4 Bf8 19. cxb5 axb5 20.
Bxb5 Na7 21. Be2 Bxe4 22. Bxg7 Bxb1 23. Be5 Qa8 24. Qxb1 Nc6 25. Bf6 Ne7
26. Ng5 Ng6 27. h4 Bh6 28. h5 Nf8 29. Ne4 Rd5 30. Ba1 Bg7 31. h6 Bxa1 32.
Qxa1 e5 33. Nf6+ Kh8 34. Bf3 1-0

[Event "FS IM A"]
[Site "Budapest"]
[Date "1995.10.15"]
[Round "9"]
[White "Honfi, K"]
[Black "Kahn, E"]
[Result "1/2-1/2"]
[WhiteElo "2390"]
[BlackElo "2350"]

1. e4 c5 2. b3 b6 3. c4 Nc6 4. g3 Nd4 5. Bg2 Bb7 6. Ne2 g6 7. Nxd4 cxd4 8.
d3 Bg7 9. O-O e6 10. Qe2 Ne7 11. Nd2 O-O 12. f4 d6 13. Ba3 Re8 14. h4 Qd7
15. h5 a5 16. Nf3 a4 17. b4 b5 18. Rad1 Rac8 19. hxg6 hxg6 20. Bb2 bxc4 21.
Bxd4 Bxd4+ 22. Nxd4 Ba6 23. b5 Bxb5 24. Nxb5 Qxb5 25. dxc4 Rxc4 26. Rxd6
Qc5+ 27. Rf2 Nd5 28. e5 Ne3 29. Rc6 Rc1+ 30. Kh2 Ng4+ 31. Qxg4 Qxf2 32.
Rxc1 Kg7 33. Kh1 Rh8+ 34. Bh3 a3 35. Rg1 Qxa2 36. Rg2 Qb1+ 37. Kh2 a2 38.
Qg5 a1=Q 39. Qf6+ Kh7 40. Qh4+ 1/2-1/2

[Event "FS IM A"]
[Site "Budapest"]
[Date "1995.10.16"]
[Round "10"]
[White "Eperjesi, L"]
[Black "Mikhailov, V"]
[Result "1-0"]
[WhiteElo "2280"]
[BlackElo "2355"]

1. d4 Nf6 2. Nf3 e6 3. c4 b6 4. e3 Bb7 5. Bd3 c5 6. O-O Be7 7. b3 O-O 8.
Bb2 cxd4 9. Nxd4 d6 10. Nc3 Nbd7 11. Rc1 Rc8 12. Be2 a6 13. Bf3 Qc7 14.
Bxb7 Qxb7 15. Qf3 Qc7 16. Rfd1 Ne5 17. Qe2 Rfe8 18. h3 Qb8 19. Kh1 Rc7 20.
Ba3 Rec8 21. f4 Ned7 22. f5 b5 23. fxe6 fxe6 24. Bb2 b4 25. Na4 Nf8 26. e4
Qb7 27. Re1 Kh8 28. Rcd1 Bd8 29. Nc2 Rd7 30. e5 dxe5 31. Bxe5 Rxd1 32. Rxd1
Be7 33. Qf3 Qxf3 34. gxf3 Kg8 35. Kg2 a5 36. f4 Kf7 37. Kf3 Ke8 38. Nd4 Bc5
39. Nb5 N8d7 40. Bc7 Ra8 41. Nxc5 Nxc5 42. Bb6 1-0

[Event "FS IM A"]
[Site "Budapest"]
[Date "1995.10.16"]
[Round "10"]
[White "Zimmerman, Y"]
[Black "Kecskes, G"]
[Result "1-0"]
[WhiteElo "2375"]
[BlackElo "2280"]

1. d4 d5 2. Nf3 Nf6 3. c4 c6 4. e3 g6 5. Nc3 Bg7 6. Be2 O-O 7. O-O dxc4 8.
Bxc4 Bf5 9. Qe2 b5 10. Bb3 b4 11. Na4 Nbd7 12. Bd2 Qa5 13. Rfc1 Qb5 14. Qc4
Be4 15. Bxb4 Qh5 16. Bd1 Bd5 17. Qe2 Rfe8 18. Nc5 Rab8 19. Ba3 Nxc5 20.
Rxc5 Nd7 21. Rc2 f5 22. Ne1 Qh6 23. Nd3 a5 24. f4 Nf6 25. Ne5 g5 26. g3
gxf4 27. exf4 Ng4 28. Bc5 Kh8 29. Nxg4 fxg4 30. Qxg4 Rg8 31. Qh5 Qe6 32.
Re2 Qd7 33. Bc2 h6 34. Rxe7 Qd8 35. Qxh6+ 1-0

[Event "FS IM A"]
[Site "Budapest"]
[Date "1995.10.16"]
[Round "10"]
[White "Estrada Nieto, J"]
[Black "Weteschnik, M"]
[Result "1-0"]
[WhiteElo "2295"]
[BlackElo "2100"]

1. e4 e5 2. Nf3 Nf6 3. Nxe5 d6 4. Nf3 Nxe4 5. d3 Nf6 6. d4 Be7 7. Bd3 Bg4
8. O-O O-O 9. Re1 c5 10. dxc5 dxc5 11. h3 Bh5 12. g4 Bg6 13. Bxg6 hxg6 14.
Qxd8 Bxd8 15. Bf4 Ba5 16. c3 Nbd7 17. Nbd2 b5 18. a4 a6 19. Ne5 Nxe5 20.
Bxe5 Rfd8 21. axb5 axb5 22. Bxf6 Rxd2 23. Be7 Rxb2 24. Bxc5 Rc8 25. Bd4 Bd8
26. Re8+ Kh7 27. Ra7 Rb1+ 28. Kg2 f6 29. Rd7 1-0

[Event "FS IM A"]
[Site "Budapest"]
[Date "1995.10.17"]
[Round "11"]
[White "Mikhailov, V"]
[Black "Zimmerman, Y"]
[Result "1/2-1/2"]
[WhiteElo "2355"]
[BlackElo "2375"]

1. d4 g6 2. c4 Bg7 3. Nc3 d6 4. Nf3 Nf6 5. Bg5 O-O 6. e3 Nbd7 7. Be2 c6 8.
O-O Qc7 9. Qc2 e5 10. dxe5 dxe5 11. Rfd1 a5 12. a3 Nc5 13. b4 Bf5 14. Qb2
Nce4 15. Nxe4 Nxe4 16. Bh4 h6 17. Nd2 Nxd2 18. Rxd2 g5 19. Bg3 axb4 20.
axb4 Rfd8 21. Rxa8 Rxa8 22. c5 b6 23. h3 bxc5 24. bxc5 Qa5 25. Qc1 Qa3 26.
Rd8+ Kh7 27. Rd1 Qxc1 28. Rxc1 Ra5 29. Bg4 Bxg4 30. hxg4 f6 31. e4 Bf8 32.
f3 Rxc5 33. Rxc5 Bxc5+ 34. Kf1 Kg6 35. Be1 h5 36. gxh5+ Kxh5 37. g4+ Kg6
38. Ke2 Kf7 39. Kd3 Ke6 40. Kc4 1/2-1/2

[Event "FS IM A"]
[Site "Budapest"]
[Date "1995.10.17"]
[Round "11"]
[White "Honfi, K"]
[Black "Estrada Nieto, J"]
[Result "1-0"]
[WhiteElo "2390"]
[BlackElo "2295"]

1. e4 e5 2. Nf3 Nc6 3. Bc4 Nf6 4. Ng5 d5 5. exd5 Na5 6. Bb5+ c6 7. dxc6
bxc6 8. Be2 h6 9. Nf3 e4 10. Ne5 Qc7 11. d4 exd3 12. Nxd3 Bd6 13. b3 O-O
14. Bb2 Nd5 15. Nc3 Nf4 16. Nxf4 Bxf4 17. g3 Rd8 18. Bd3 Re8+ 19. Ne2 Bg5
20. h4 Be7 21. Qd2 Bg4 22. O-O-O Rad8 23. Rde1 Qb6 24. Bc3 Ba3+ 25. Kb1 Nb7
26. Nd4 Rxe1+ 27. Rxe1 c5 28. Nb5 c4 29. Nxa3 cxd3 30. Qf4 Qg6 31. Re5 Rc8
32. Kb2 dxc2 33. Nxc2 Nc5 34. Ne1 Bd1 35. Qd4 Qg4 36. Rxc5 Rxc5 37. Qxc5
Qe2+ 38. Kc1 Qxa2 39. Kxd1 Qxb3+ 40. Ke2 Qe6+ 41. Kf1 Qe4 1-0

[Event "FS IM A"]
[Site "Budapest"]
[Date "1995.10.17"]
[Round "11"]
[White "Kahn, E"]
[Black "Habibi, A"]
[Result "1/2-1/2"]
[WhiteElo "2350"]
[BlackElo "2295"]

1. e4 e5 2. Nf3 Nf6 3. Nxe5 d6 4. Nf3 Nxe4 5. Qe2 Qe7 6. d3 Nf6 7. Bg5
Qxe2+ 8. Bxe2 Be7 9. O-O c6 10. Nc3 Na6 1/2-1/2

[Event "FS IM A"]
[Site "Budapest"]
[Date "1995.10.17"]
[Round "11"]
[White "Weteschnik, M"]
[Black "Eperjesi, L"]
[Result "0-1"]
[WhiteElo "2100"]
[BlackElo "2280"]

1. e4 c6 2. d4 d5 3. Nc3 dxe4 4. Nxe4 Nd7 5. Bc4 Ngf6 6. Ng5 e6 7. Qe2 Nb6
8. Bb3 h6 9. N5f3 a5 10. c3 a4 11. Bc2 c5 12. Bd2 Qc7 13. Rd1 Bd7 14. dxc5
Bxc5 15. Ne5 Bxf2+ 16. Kxf2 Qxe5 17. Be3 Nbd5 18. Bd4 Qxe2+ 19. Nxe2 e5 20.
Bc5 Rc8 21. Ba3 Ng4+ 22. Kf3 Nge3 23. Rd2 f5 24. Re1 Nxc2 25. Rxc2 Kf7 26.
Rd2 Bc6 27. Kf2 Rhe8 28. b3 Nf6 29. Kg1 Ne4 30. Rd3 axb3 31. axb3 Ra8 32.
Bb4 Ra2 33. c4 Rea8 34. Ng3 Nf2 35. Rd2 Rxd2 36. Bxd2 Nd3 37. Rd1 f4 38.
Ne2 Ra2 39. b4 Nxb4 40. Nc1 Rb2 41. Bxb4 Rxg2+ 42. Kf1 Rxh2 43. Re1 e4 44.
Kg1 Rc2 45. Bd6 f3 0-1

First Saturday IM B Tournament
------------------------------